000 00477nam a2200181Ia 4500
005 20250508162456.0
008 008 250505s9999 xx 000 0 hin d
037 _aTextual
040 _aFEDL
_beng
_cFEDL
041 _ahin
_2eng
084 _a294.5, SHI
_qFEDL
100 _aVerma Ramchandra
245 0 _aShiv puran
260 _aDelhi, India
_bDharam Granth Prakashan
_c1980
300 _a205p.
942 _cTEXL
_h294.5, SHI
999 _c1376797
_d1376797